Tratamiento precoz de los traumatismos de la cara / (Record no. 130764)

MARC details
000 -LEADER
campo de control de longitud fija 00666nam a2200205 i 4500
001 - NÚMERO DE CONTROL
campo de control 130764
003 - IDENTIFICADOR DE NÚMERO DE CONTROL
campo de control ES-MaACL
005 - FECHA Y HORA DE LA ÚLTIMA TRANSACCIÓN
campo de control 20230906193833.0
007 - CAMPO FIJO DE DESCRIPCIÓN FÍSICA--INFORMACIÓN GENERAL
campo de control de longitud fija t|
008 - DATOS DE LONGITUD FIJA--INFORMACIÓN GENERAL
campo de control de longitud fija 070807s1965 sp ||||1| spa d
100 1# - ENTRADA PRINCIPAL--NOMBRE DE PERSONA
Nombre de persona Zaydon, Thomas John.
9 (RLIN) 118125
245 10 - MENCIÓN DEL TÍTULO
Título Tratamiento precoz de los traumatismos de la cara /
Mención de responsabilidad, etc. por Thomas John Zaydon y James Barret Brown ; versión de Jaime Planas Guasch.
250 ## - MENCION DE EDICION
Mención de edición 1ª ed.
260 ## - PUBLICACIÓN, DISTRIBUCIÓN, ETC.
Lugar de publicación, distribución, etc. Barcelona :
Nombre del editor, distribuidor, etc. Jims,
Fecha de publicación, distribución, etc. [1965]
300 ## - DESCRIPCIÓN FÍSICA
Extensión XX, 274 p. :
Otras características físicas il. ;
Dimensiones 25 cm.
650 14 - PUNTO DE ACCESO ADICIONAL DE MATERIA--TÉRMINO DE MATERIA
Término de materia o nombre geográfico como elemento de entrada Cara-
Subdivisión general Cirugía.
9 (RLIN) 10771
700 1# - ENTRADA AGREGADA--NOMBRE PERSONAL
Nombre de persona Brown, James Barret.
9 (RLIN) 31999
700 1# - ENTRADA AGREGADA--NOMBRE PERSONAL
Nombre de persona Planas Guasch, Jaime.
9 (RLIN) 92528
852 ## - LOCALIZACIÓN
Ubicación ES-MaACL
Número de control de estantería C-28562
Holdings
Estatus retirado Estado de pérdida Estado de daño No para préstamo Biblioteca de origen Biblioteca actual Ubicación en estantería Fecha de adquisición Fuente de adquisición Total de préstamos Signatura topográfica completa Código de barras Visto por última vez Precio de reemplazo Tipo de ítem Koha
        Biblioteca del Ateneo de Madrid Biblioteca del Ateneo de Madrid Depósito 2 17/01/2008     C-28562 1136146 23/02/2023 23/02/2023 Libro impreso